000 00199 a2200097 4500
001 5886
100 _aTimoshenk,D
245 _aAdvanced Dynamics
260 _a
_bMcGraw hill
_c
090 _c4804
_d4804
942 _aNUST-CAE
_cM
_c31161
999 _c240959
_d240959